000 00553nam a22001817a 4500
005 20251108172205.0
008 250721s1988 xx 000 0 ara d
082 1 4 _a631.8/يوس
100 1 _aأبو ضاحي، يوسف محمد
245 1 0 _aدليل تغذية النبات /
264 1 _aبغداد :
_bوزارة التعليم العالي و البحث العلمي،
_c1988.
300 _a411ص
650 1 7 _aالأسمدة
650 1 7 _aالتربة
700 1 _aاليونس، مؤيد أحمد
942 _2ddc
_cBK
999 _c72737
_d72737